| 000 | 00868cam a22002653a 4500 | ||
|---|---|---|---|
| 001 | 3068 | ||
| 003 | PGUSA | ||
| 005 | 20140828083025.0 | ||
| 008 | 020201s2002||||xxu|||||s|||||000 d eng d | ||
| 040 |
_aPGUSA _beng |
||
| 042 | _adc | ||
| 050 | 4 | _aPS | |
| 100 | 1 |
_aGerstenberg, Alice, _d1885-1972 |
|
| 245 | 1 | 0 |
_aWashington Square Plays _h[electronic resource] / _cAlice Gerstenberg |
| 260 |
_bProject Gutenberg, _c2002 |
||
| 505 | 0 | _aThe clod, by Lewis Beach -- Eugenically speaking, by Edward Goodman -- Overtones, by Alice Gerstenberg -- Helena's husband, by Philip Moeller. | |
| 506 | _aPublic domain in the USA. | ||
| 516 | _aElectronic text | ||
| 653 | _aAmerican drama | ||
| 653 | _aOne-act plays | ||
| 700 | 1 |
_aEaton, Walter Prichard, _d1878-1957 |
|
| 830 | 0 |
_aProject Gutenberg _v3068 |
|
| 856 | 4 | 0 | _uhttp://www.gutenberg.org/ebooks/3068 |
| 942 | _cEB | ||
| 999 |
_c232397 _d232397 |
||